000
00328nam a2200145Ia 4500
003
OSt
005
20240104113841.0
008
170523s9999 xx 000 0 und d
020
_a
9780070260474
040
_c
IIMT UNIVERSITY
100
_a
Pressman- Roger S
245
0
_a
Web Engineering
260
_a
T.M.H.
942
_2
ddc
_c
02
999
_c
12290
_d
12290